Films avec Christian Bale en images. - Statistiques

Statistiques générales
  • Ce quiz a été pris 44 fois
  • Le résultat moyen est 5 sur 16
Statistiques - réponses
Par images Réponse % Correct
American Psycho
93%
The Dark Knight : Le Chevalier noir
90%
Le Mans 66
63%
The Machinist
61%
Le Prestige
49%
Thor: Love and Thunder
44%
The Big Short
24%
Vice
20%
The Bride!
12%
Pocahontas
10%
American Bluff
7%
Empire du soleil
7%
3 h 10 pour Yuma
5%
Terminator Renaissance
5%
Fighter
2%
Public Enemies
0%
Aucun quiz correspondant
Distribution des résultats
% des personnes avec chaque résultat
Percentile par nombre de réponses
Votre historique - résultats
Vous n’avez pas pris ce quiz